[Event "Africa-ch (Women)"]
[Site "Windhoek"]
[Date "2014.12.20"]
[Round "7"]
[White "Fisher, Michelle M"]
[Black "Solomons, Anzel"]
[Result "1/2-1/2"]
[WhiteElo "1651"]
[BlackElo "1858"]
[PlyCount "60"]
[EventDate "2014.12.13"]
[EventType "swiss"]
[EventRounds "7"]
[EventCountry "NAM"]
[SourceTitle "EXT 2016"]
[Source "ChessBase"]
[SourceDate "2015.10.08"]
[SourceVersion "1"]
[SourceVersionDate "2015.10.08"]
[SourceQuality "1"]

1. e4 e5 2. Nf3 d6 3. d4 Nd7 4. Bc4 c6 5. 0-0 Be7 6. dxe5 dxe5 7. Nc3 Ngf6 8. Bg5 0-0 9. Qe2 Qc7 10. Rad1 b5 11. Bb3 Nc5 12. Rd2 a6 13. Bxf6 Bxf6 14. Qe3 Qe7 15. a3 Nxb3 16. cxb3 b4 17. Nb1 Rb8 18. Rc1 bxa3 19. bxa3 Be6 20. Rb2 Rfc8 21. Qc3 Qc7 22. Nbd2 Be7 23. Ra1 Bd6 24. Nc4 Bxc4 25. Qxc4 Qe7 26. Qa4 Qc7 27. Qc4 Qe7 28. Qa4 Qc7 29. Qc4 Qe7 30. Qa4 Qc7 1/2-1/2

[Event "Africa-ch (Women)"]
[Site "Windhoek"]
[Date "2014.12.15"]
[Round "3"]
[White "Tembo, Epah"]
[Black "Solomons, Anzel"]
[Result "1/2-1/2"]
[WhiteElo "1889"]
[BlackElo "1858"]
[PlyCount "60"]
[EventDate "2014.12.13"]
[EventType "swiss"]
[EventRounds "7"]
[EventCountry "NAM"]
[SourceTitle "EXT 2016"]
[Source "ChessBase"]
[SourceDate "2015.10.08"]
[SourceVersion "1"]
[SourceVersionDate "2015.10.08"]
[SourceQuality "1"]

1. e4 c6 2. c4 d6 3. Nc3 e5 4. Nf3 Nf6 5. Be2 Be7 6. 0-0 0-0 7. d4 Nbd7 8. b3 Qc7 9. Ba3 Re8 10. Rc1 b6 11. Bb2 a6 12. a4 Nf8 13. b4 Ng6 14. g3 Bg4 15. b5 Bf8 16. dxe5 dxe5 17. bxc6 Qxc6 18. Nd2 Bh3 19. Re1 Bb4 20. Nd5 Bc5 21. Bf3 Rad8 22. Bc3 a5 23. Ra1 Qc8 24. Nb3 Bb4 25. Bxb4 axb4 26. Qe2 Nxd5 27. cxd5 Qc3 28. Rab1 Qc7 29. Rec1 Qd7 30. a5 f5 1/2-1/2

[Event "Africa-ch (Women)"]
[Site "Windhoek"]
[Date "2014.12.13"]
[Round "1"]
[White "Rabiu, Olabisi"]
[Black "Solomons, Anzel"]
[Result "0-1"]
[WhiteElo "1489"]
[BlackElo "1858"]
[PlyCount "62"]
[EventDate "2014.12.13"]
[EventType "swiss"]
[EventRounds "7"]
[EventCountry "NAM"]
[SourceTitle "EXT 2016"]
[Source "ChessBase"]
[SourceDate "2015.10.08"]
[SourceVersion "1"]
[SourceVersionDate "2015.10.08"]
[SourceQuality "1"]

1. d4 d5 2. Nf3 e6 3. Bf4 Be7 4. e3 c5 5. c3 Nf6 6. Ne5 Nbd7 7. Bb5 0-0 8. Nd2 a6 9. Bd3 Re8 10. 0-0 Nf8 11. Rc1 N6d7 12. Qh5 Nxe5 13. dxe5 Bd7 14. Rfe1 f5 15. exf6 Bxf6 16. Nf3 g6 17. Qh6 e5 18. Bxg6 Nxg6 19. Bg5 e4 20. Bxf6 Qxf6 21. Ng5 Qg7 22. Qh5 h6 23. Nh3 Re5 24. Qd1 Bxh3 25. f4 Nxf4 26. Rc2 Nxg2 27. Kh1 Nxe1 28. Qxe1 Rf8 29. Rf2 Rxf2 30. Qxf2 Rf5 31. Qxf5 Qg2# 0-1

[Event "Olympiad Women-41"]
[Site "Tromsoe"]
[Date "2014.08.12"]
[Round "10.2"]
[White "Petrenko, Svetlana"]
[Black "Solomons, Anzel"]
[Result "1-0"]
[WhiteElo "2205"]
[BlackElo "1840"]
[PlyCount "91"]
[EventDate "2014.08.02"]
[EventType "team-swiss"]
[EventRounds "11"]
[EventCountry "NOR"]
[SourceTitle "CBM 162"]
[Source "ChessBase"]
[SourceDate "2014.09.17"]
[SourceVersion "1"]
[SourceVersionDate "2014.09.17"]
[SourceQuality "1"]
[WhiteTeam "Moldova (W)"]
[BlackTeam "South Africa (W)"]
[WhiteTeamCountry "MDA"]
[BlackTeamCountry "RSA"]

1. d4 d5 2. g3 Nf6 3. Bg2 e6 4. Nf3 c5 5. 0-0 cxd4 6. Nxd4 Be7 7. b3 0-0 8. Bb2 a6 9. e3 Qc7 10. Nd2 e5 11. N4f3 Nc6 12. h3 Rd8 13. a3 h6 14. Qe2 Bf5 15. Rfc1 Rac8 16. c4 d4 17. e4 Be6 18. b4 Qb8 19. Qd3 b6 20. Rab1 Nd7 21. Bf1 Rf8 22. c5 b5 23. Ne1 f5 24. Bg2 Bg5 25. Nef3 fxe4 26. Qxe4 Nf6 27. Qe1 Bxd2 28. Nxd2 Bf5 29. Ra1 Qc7 30. g4 Bg6 31. Bxc6 Qxc6 32. Qxe5 d3 33. Re1 Rfe8 34. Qf4 Re2 35. Rxe2 dxe2 36. Re1 Re8 37. Qd4 Qe6 38. f4 Qe3+ 39. Qxe3 Rxe3 40. Bxf6 gxf6 41. Kf2 Rxh3 42. Rxe2 Rxa3 43. f5 Bf7 44. Ne4 Bc4 45. Rd2 a5 46. c6 1-0

[Event "Olympiad Women-41"]
[Site "Tromsoe"]
[Date "2014.08.06"]
[Round "5.2"]
[White "Solomons, Anzel"]
[Black "Wafa, Shrook"]
[Result "0-1"]
[WhiteElo "1840"]
[BlackElo "2065"]
[PlyCount "86"]
[EventDate "2014.08.02"]
[EventType "team-swiss"]
[EventRounds "11"]
[EventCountry "NOR"]
[SourceTitle "CBM 162"]
[Source "ChessBase"]
[SourceDate "2014.09.17"]
[SourceVersion "1"]
[SourceVersionDate "2014.09.17"]
[SourceQuality "1"]
[WhiteTeam "South Africa (W)"]
[BlackTeam "Egypt (W)"]
[WhiteTeamCountry "RSA"]
[BlackTeamCountry "EGY"]

1. d4 Nf6 2. c4 e6 3. Nf3 Bb4+ 4. Bd2 Qe7 5. a3 Bxd2+ 6. Nbxd2 d6 7. e4 e5 8. Bd3 0-0 9. 0-0 Bg4 10. Qc2 Nbd7 11. h3 Bh5 12. b4 b6 13. d5 Bxf3 14. Nxf3 Nh5 15. g3 Kh8 16. Nh4 g6 17. Qd2 Nf4 18. Kh2 Qf6 19. Be2 Rg8 20. Bg4 Rad8 21. Rac1 Nb8 22. Rc3 Qe7 23. Ng2 Nxg2 24. Kxg2 Rgf8 25. f4 f5 26. exf5 gxf5 27. Bh5 e4 28. Qd4+ Qf6 29. Qxf6+ Rxf6 30. g4 Nd7 31. Re3 Rg8 32. Rg3 Rff8 33. g5 Rg7 34. Rg1 a5 35. Kh2 axb4 36. axb4 Ra8 37. Re1 Ra4 38. Rb3 b5 39. Rc1 Nb6 40. Be2 Ra2 41. Re1 bxc4 42. Rc3 Nxd5 43. Rxc4 Nxf4 0-1

[Event "Olympiad Women-41"]
[Site "Tromsoe"]
[Date "2014.08.03"]
[Round "2.2"]
[White "Mendieta, Kathya"]
[Black "Solomons, Anzel"]
[Result "1/2-1/2"]
[WhiteElo "1877"]
[BlackElo "1840"]
[PlyCount "133"]
[EventDate "2014.08.02"]
[EventType "team-swiss"]
[EventRounds "11"]
[EventCountry "NOR"]
[SourceTitle "CBM 162"]
[Source "ChessBase"]
[SourceDate "2014.09.17"]
[SourceVersion "1"]
[SourceVersionDate "2014.09.17"]
[SourceQuality "1"]
[WhiteTeam "Nicaragua (W)"]
[BlackTeam "South Africa (W)"]
[WhiteTeamCountry "NCA"]
[BlackTeamCountry "RSA"]

1. e4 e5 2. Nf3 d6 3. Bc4 c6 4. Bb3 Be7 5. c3 Nf6 6. Qe2 0-0 7. d3 Nbd7 8. Nbd2 b5 9. Nf1 Nc5 10. Bc2 Ne6 11. g3 Re8 12. Ne3 g6 13. Ng2 Ng7 14. Nfh4 Nfh5 15. 0-0 Bh3 16. Re1 Kh8 17. Qd2 Ne6 18. Bd1 Nhg7 19. Qh6 Bxg2 20. Nxg2 Bg5 21. Bxg5 Qxg5 22. Qxg5 Nxg5 23. Ne3 f5 24. h4 N5e6 25. Bc2 f4 26. Ng4 Rf8 27. a4 fxg3 28. fxg3 h5 29. Ne3 Rf3 30. Kg2 Raf8 31. Re2 g5 32. hxg5 Nxg5 33. axb5 cxb5 34. Rh1 Nh7 35. Nd5 R3f7 36. Bb3 Rd7 37. Rf2 Rxf2+ 38. Kxf2 a5 39. Ne3 a4 40. Bd5 Rc7 41. Ra1 Nf6 42. c4 Nxd5 43. Nxd5 Rf7+ 44. Ke3 bxc4 45. dxc4 Rb7 46. Rxa4 Rb3+ 47. Nc3 Rxb2 48. Ra6 Rb3 49. Kd2 Rb4 50. Rxd6 Rxc4 51. Kd3 Rc8 52. Nd5 Ra8 53. Ke3 Ra3+ 54. Kf2 Ra2+ 55. Kf3 Ra3+ 56. Kg2 Ra8 57. Rh6+ Kg8 58. Nf6+ Kf7 59. Nxh5 Ne6 60. Rf6+ Ke7 61. Rf5 Ra2+ 62. Kh3 Ra5 63. g4 Nd4 64. Rf2 Ra3+ 65. Kg2 Re3 66. Ng3 Ke6 67. Ra2 1/2-1/2

[Event "Commonwealth-ch"]
[Site "Glasgow"]
[Date "2014.07.08"]
[Round "9"]
[White "Abrahams, Daniel"]
[Black "Solomons, Anzel"]
[Result "1-0"]
[WhiteElo "2027"]
[BlackElo "1857"]
[PlyCount "45"]
[EventDate "2014.06.30"]
[EventType "swiss"]
[EventRounds "9"]
[EventCountry "SCO"]
[SourceTitle "CBM 161 Extra"]
[Source "ChessBase"]
[SourceDate "2014.08.29"]
[SourceVersion "1"]
[SourceVersionDate "2014.08.29"]
[SourceQuality "1"]

1. e4 e5 2. Nf3 d6 3. d4 Nd7 4. Bc4 c6 5. 0-0 Be7 6. dxe5 dxe5 7. Ng5 Bxg5 8. Qh5 Qe7 9. Bxg5 Ngf6 10. Qe2 Nb6 11. Nd2 0-0 12. Rfd1 h6 13. Bh4 Be6 14. Bb3 Rad8 15. Qf3 g5 16. Bxe6 Qxe6 17. Bg3 Rfe8 18. b3 h5 19. Qe3 Nh7 20. h4 f5 21. exf5 Qxf5 22. c4 e4 23. Nf1 1-0

[Event "Centurion Capablanca FM"]
[Site "Centurion"]
[Date "2014.05.04"]
[Round "9"]
[White "Solomons, Anzel"]
[Black "Duneas, John"]
[Result "1/2-1/2"]
[WhiteElo "1887"]
[BlackElo "2103"]
[PlyCount "97"]
[EventDate "2014.04.26"]
[EventType "tourn"]
[EventRounds "9"]
[EventCountry "RSA"]
[SourceTitle "CBM 160 Extra"]
[Source "ChessBase"]
[SourceDate "2014.07.01"]
[SourceVersion "1"]
[SourceVersionDate "2014.07.01"]
[SourceQuality "1"]

1. d4 d5 2. c4 c6 3. Nc3 Nf6 4. Nf3 dxc4 5. a4 Bf5 6. e3 e6 7. Bxc4 Nbd7 8. 0-0 Bb4 9. Qe2 Bg6 10. e4 0-0 11. e5 Nd5 12. Ne4 Qa5 13. Bd3 Rac8 14. Rd1 c5 15. Nd6 Rb8 16. Bxg6 hxg6 17. Bd2 cxd4 18. Bxb4 Nxb4 19. Rxd4 Nc6 20. Re4 Rfd8 21. Nc4 Qc5 22. Qe3 Qxe3 23. Rxe3 Nc5 24. b3 Rd5 25. Rae1 Rbd8 26. Rc3 Nd3 27. Rf1 Nf4 28. Re3 Rd1 29. Ree1 R1d3 30. Re3 Nd4 31. Nxd4 R8xd4 32. g3 Nd5 33. Rxd3 Rxd3 34. Rb1 b6 35. Kf1 Nc3 36. Rb2 g5 37. Rd2 Rf3 38. Kg2 g4 39. Nd6 Nd5 40. Rb2 f5 41. exf6 gxf6 42. Nb5 e5 43. Nxa7 e4 44. Nc6 e3 45. Nd4 exf2 46. Nxf3 Ne3+ 47. Kxf2 Nd1+ 48. Ke2 Nxb2 49. Nd4 1/2-1/2

[Event "Centurion Capablanca FM"]
[Site "Centurion"]
[Date "2014.04.28"]
[Round "4"]
[White "Davies, Jason S"]
[Black "Solomons, Anzel"]
[Result "1-0"]
[WhiteElo "2041"]
[BlackElo "1887"]
[PlyCount "26"]
[EventDate "2014.04.26"]
[EventType "tourn"]
[EventRounds "9"]
[EventCountry "RSA"]
[SourceTitle "CBM 160 Extra"]
[Source "ChessBase"]
[SourceDate "2014.07.01"]
[SourceVersion "1"]
[SourceVersionDate "2014.07.01"]
[SourceQuality "1"]

1. d4 d5 2. c4 c6 3. Nc3 Nf6 4. Nf3 dxc4 5. a4 e6 6. e4 Bb4 7. Qc2 0-0 8. Bxc4 Qc7 9. 0-0 c5 10. Nb5 Qe7 11. Bf4 Ne8 12. d5 Nf6 13. Bd6 Na6 1-0

[Event "Centurion Capablanca FM"]
[Site "Centurion"]
[Date "2014.04.27"]
[Round "2"]
[White "Solomons, Anzel"]
[Black "Meintjes, Jacques C"]
[Result "1/2-1/2"]
[WhiteElo "1887"]
[BlackElo "1975"]
[PlyCount "40"]
[EventDate "2014.04.26"]
[EventType "tourn"]
[EventRounds "9"]
[EventCountry "RSA"]
[SourceTitle "CBM 160 Extra"]
[Source "ChessBase"]
[SourceDate "2014.07.01"]
[SourceVersion "1"]
[SourceVersionDate "2014.07.01"]
[SourceQuality "1"]

1. d4 e6 2. c4 f5 3. Nc3 Nf6 4. Bg5 Be7 5. Nf3 0-0 6. Qc2 c5 7. Bxf6 Bxf6 8. Qd2 Nc6 9. d5 Ne5 10. Nxe5 Bxe5 11. 0-0-0 Qa5 12. a3 Bxc3 13. Qxc3 Qxc3+ 14. bxc3 e5 15. e3 d6 16. f4 Re8 17. Bd3 Bd7 18. Kd2 a6 19. Rb1 e4 20. Be2 b5 1/2-1/2

[Event "Centurion Capablanca FM"]
[Site "Centurion"]
[Date "2014.04.26"]
[Round "1"]
[White "Mare, Eben"]
[Black "Solomons, Anzel"]
[Result "1-0"]
[WhiteElo "1967"]
[BlackElo "1887"]
[PlyCount "39"]
[EventDate "2014.04.26"]
[EventType "tourn"]
[EventRounds "9"]
[EventCountry "RSA"]
[SourceTitle "CBM 160 Extra"]
[Source "ChessBase"]
[SourceDate "2014.07.01"]
[SourceVersion "1"]
[SourceVersionDate "2014.07.01"]
[SourceQuality "1"]

1. e4 e5 2. Nf3 Nc6 3. d4 exd4 4. Bc4 Nf6 5. e5 d5 6. Bb5 Ne4 7. Nxd4 Bd7 8. Bxc6 bxc6 9. 0-0 Bc5 10. f3 Ng5 11. f4 Ne4 12. Be3 Qe7 13. Nd2 Nxd2 14. Qxd2 Bb6 15. Nb3 0-0 16. Rae1 Rab8 17. Qc3 Bxe3+ 18. Rxe3 Qb4 19. f5 Rfe8 20. Qd3 1-0

[Event "RSA-ch (Women)"]
[Site "Cape Town"]
[Date "2014.01.12"]
[Round "11"]
[White "Bouah, Denise"]
[Black "Solomons, Anzel"]
[Result "1/2-1/2"]
[WhiteElo "1888"]
[BlackElo "1887"]
[PlyCount "29"]
[EventDate "2014.01.04"]
[EventType "tourn"]
[EventRounds "11"]
[EventCountry "RSA"]
[SourceTitle "CBM 158 Extra"]
[Source "ChessBase"]
[SourceDate "2014.02.28"]
[SourceVersion "1"]
[SourceVersionDate "2014.02.28"]
[SourceQuality "1"]

1. e4 e5 2. Nf3 Nc6 3. Bb5 a6 4. Ba4 Nf6 5. Qe2 b5 6. Bb3 Be7 7. c3 0-0 8. 0-0 d6 9. d3 Na5 10. Bc2 c5 11. Nbd2 Nc6 12. Re1 Re8 13. a4 Bb7 14. Nf1 Bf8 15. Bg5 1/2-1/2

[Event "RSA-ch (Women)"]
[Site "Cape Town"]
[Date "2014.01.11"]
[Round "9"]
[White "Van Niekerk, Lauren S"]
[Black "Solomons, Anzel"]
[Result "1-0"]
[WhiteElo "1646"]
[BlackElo "1887"]
[PlyCount "55"]
[EventDate "2014.01.04"]
[EventType "tourn"]
[EventRounds "11"]
[EventCountry "RSA"]
[SourceTitle "CBM 158 Extra"]
[Source "ChessBase"]
[SourceDate "2014.02.28"]
[SourceVersion "1"]
[SourceVersionDate "2014.02.28"]
[SourceQuality "1"]

1. d4 d5 2. Nf3 e6 3. Bf4 Nf6 4. e3 c5 5. c4 Nc6 6. dxc5 Bxc5 7. Be2 0-0 8. 0-0 Qe7 9. Nc3 dxc4 10. Bxc4 Rd8 11. Qc2 e5 12. Bg5 h6 13. Bxf6 gxf6 14. Nd5 Qd6 15. Rfd1 Rb8 16. Nb6 Qf8 17. Rxd8 Nxd8 18. Nxc8 Rxc8 19. Qe4 Rc7 20. Nh4 Nc6 21. Bd3 Qg7 22. Nf5 Qg5 23. h4 Qh5 24. Ng3 Qg6 25. Qd5 Qg4 26. Qxc5 Qxh4 27. Qd6 Rc8 28. Qd7 1-0

[Event "RSA-ch (Women)"]
[Site "Cape Town"]
[Date "2014.01.05"]
[Round "3"]
[White "Fisher, Michelle M"]
[Black "Solomons, Anzel"]
[Result "1/2-1/2"]
[WhiteElo "1627"]
[BlackElo "1887"]
[PlyCount "52"]
[EventDate "2014.01.04"]
[EventType "tourn"]
[EventRounds "11"]
[EventCountry "RSA"]
[SourceTitle "CBM 158 Extra"]
[Source "ChessBase"]
[SourceDate "2014.02.28"]
[SourceVersion "1"]
[SourceVersionDate "2014.02.28"]
[SourceQuality "1"]

1. e4 e5 2. Nf3 d6 3. c3 Be7 4. d4 Nd7 5. Bc4 c6 6. 0-0 Ngf6 7. Re1 0-0 8. Nbd2 b5 9. Bb3 Bb7 10. c4 a6 11. Nf1 Qc7 12. Ng3 g6 13. Bh6 Rfe8 14. Ng5 bxc4 15. Bxc4 d5 16. exd5 cxd5 17. Bb3 Bf8 18. Bxf8 Kxf8 19. Rc1 Qd6 20. dxe5 Rxe5 21. N3e4 Qe7 22. Nxf6 Rxe1+ 23. Qxe1 Qxe1+ 24. Rxe1 Nxf6 25. Rc1 Rc8 26. Rd1 h6 1/2-1/2

[Event "Commonwealth & RSA op"]
[Site "Port Elizabeth"]
[Date "2013.07.07"]
[Round "3"]
[White "Solomons, Anzel"]
[Black "Akash, G."]
[Result "1/2-1/2"]
[WhiteElo "1908"]
[BlackElo "2332"]
[PlyCount "105"]
[EventDate "2013.07.06"]
[EventType "swiss"]
[EventRounds "11"]
[EventCountry "RSA"]
[SourceTitle "CBM 155 Extra"]
[Source "ChessBase"]
[SourceDate "2013.08.26"]
[SourceVersion "1"]
[SourceVersionDate "2013.08.26"]
[SourceQuality "1"]

1. Nf3 g6 2. c4 Bg7 3. g3 e5 4. d3 Ne7 5. Bg2 c6 6. Nc3 0-0 7. 0-0 d5 8. Qc2 h6 9. Rd1 Be6 10. Rb1 Nd7 11. b3 Rc8 12. Ba3 Re8 13. e3 b5 14. Ne2 a6 15. Nd2 g5 16. e4 Ng6 17. Rf1 Nf6 18. Bb2 Qd7 19. d4 Nxe4 20. Nxe4 dxe4 21. dxe5 bxc4 22. bxc4 Qd3 23. Rfc1 Bf5 24. Nd4 Bd7 25. Bxe4 Qxc2 26. Nxc2 Nxe5 27. Bxe5 Rxe5 28. Bg2 Ra5 29. Rb7 Be8 30. Nb4 Bf8 31. Rc2 Ra4 32. Nd3 f6 33. Be4 Bf7 34. Bh7+ Kxh7 35. Rxf7+ Kg6 36. Rd7 Rb8 37. f4 Rb1+ 38. Kg2 Ra1 39. g4 h5 40. f5+ Kh6 41. Rf7 Bg7 42. gxh5 R1xa2 43. Rxa2 Rxa2+ 44. Nf2 Rc2 45. c5 Kh7 46. Kg3 Rc3+ 47. Kg2 Kg8 48. Ra7 Rxc5 49. Rxa6 Rxf5 50. Rxc6 Rf4 51. h3 Rh4 52. Ng4 Rxh5 53. Nxf6+ 1/2-1/2

[Event "Africa-ch (Women)"]
[Site "Tunis"]
[Date "2013.05.25"]
[Round "7"]
[White "Solomons, Anzel"]
[Black "Lahmar, Chaima"]
[Result "1-0"]
[WhiteElo "1931"]
[BlackElo "1509"]
[PlyCount "69"]
[EventDate "2013.05.18"]
[EventType "swiss"]
[EventRounds "9"]
[EventCountry "TUN"]
[SourceTitle "CBM 154 Extra"]
[Source "ChessBase"]
[SourceDate "2013.06.25"]
[SourceVersion "2"]
[SourceVersionDate "2013.06.25"]
[SourceQuality "1"]

1. d4 d5 2. c4 e6 3. Nc3 Nf6 4. Bg5 c6 5. e3 Nbd7 6. Nf3 Qa5 7. Bxf6 Nxf6 8. Nd2 Bb4 9. Qc2 Ne4 10. Ncxe4 dxe4 11. a3 Bxd2+ 12. Qxd2 Qxd2+ 13. Kxd2 0-0 14. c5 Rd8 15. Kc3 e5 16. Bc4 exd4+ 17. exd4 Kf8 18. b4 b5 19. Bb3 Rb8 20. Rad1 Bb7 21. Rhe1 Re8 22. d5 cxd5 23. Bxd5 Bxd5 24. Rxd5 Rb7 25. Kd4 Rbe7 26. c6 Rc7 27. Rc1 a6 28. Re5 Rxe5 29. Kxe5 Ke7 30. Kd5 Rc8 31. Kc5 Rb8 32. c7 Re8 33. Rd1 Rc8 34. Kc6 Ra8 35. Kb7 1-0

[Event "Africa-ch (Women)"]
[Site "Tunis"]
[Date "2013.05.20"]
[Round "3"]
[White "Wafa, Shrook"]
[Black "Solomons, Anzel"]
[Result "1-0"]
[WhiteElo "1965"]
[BlackElo "1931"]
[PlyCount "107"]
[EventDate "2013.05.18"]
[EventType "swiss"]
[EventRounds "9"]
[EventCountry "TUN"]
[SourceTitle "CBM 154 Extra"]
[Source "ChessBase"]
[SourceDate "2013.06.25"]
[SourceVersion "2"]
[SourceVersionDate "2013.06.25"]
[SourceQuality "1"]

1. e4 e5 2. Nf3 Nc6 3. Bc4 Bc5 4. c3 Qe7 5. 0-0 Nf6 6. d3 d6 7. Bb3 0-0 8. Nbd2 Kh8 9. Re1 Ng4 10. Re2 f5 11. exf5 Bxf5 12. d4 Bb6 13. Nc4 Rad8 14. Nxb6 axb6 15. Bg5 Nf6 16. dxe5 dxe5 17. Qe1 Bd3 18. Re3 e4 19. Nd2 Rfe8 20. Kh1 Qe5 21. Bxf6 gxf6 22. Nxe4 Bxe4 23. f3 f5 24. fxe4 Na5 25. h3 b5 26. Qe2 Rd6 27. Rf1 Rf6 28. Ref3 Nxb3 29. axb3 Kg7 30. Qf2 Qxe4 31. Qg3+ Rg6 32. Qxc7+ Re7 33. Qc5 Re5 34. Qf2 Rf6 35. Rf4 Qd5 36. Qd4 Qxd4 37. Rxd4 Kg6 38. Rf2 Kg5 39. Rd7 h5 40. Rxb7 f4 41. Rd7 Rff5 42. Rd1 Re3 43. Rfd2 f3 44. gxf3 Rfxf3 45. Rh2 b4 46. h4+ Kf4 47. c4 Rxb3 48. c5 Rh3 49. Rdd2 Rhg3 50. c6 Rbe3 51. Rhf2+ Ke5 52. c7 Rh3+ 53. Kg1 Rhg3+ 54. Rg2 1-0

[Event "Al Ain op 1st"]
[Site "Al Ain"]
[Date "2012.12.28"]
[Round "9"]
[White "Navalgund, Niranjan"]
[Black "Solomons, Anzel"]
[Result "1-0"]
[WhiteElo "2169"]
[BlackElo "1928"]
[PlyCount "97"]
[EventDate "2012.12.22"]
[EventType "swiss"]
[EventRounds "9"]
[EventCountry "UAE"]
[SourceTitle "CBM 152 Extra"]
[Source "ChessBase"]
[SourceDate "2013.02.25"]
[SourceVersion "1"]
[SourceVersionDate "2013.02.25"]
[SourceQuality "1"]

1. d4 d5 2. Nf3 Nf6 3. c4 c6 4. e3 e6 5. b3 dxc4 6. bxc4 c5 7. Bb2 Nc6 8. Bd3 cxd4 9. exd4 Bb4+ 10. Nbd2 0-0 11. a3 Be7 12. 0-0 b6 13. Ne4 Bb7 14. Qe2 Na5 15. Ng3 Rc8 16. Rfe1 Re8 17. Ne5 Bd6 18. Rad1 Qe7 19. a4 Ba3 20. Ba1 Bb4 21. Rf1 Nb3 22. Bb2 Ba3 23. Bc3 Bb4 24. Bxb4 Qxb4 25. Qb2 a5 26. Bc2 Qxa4 27. Qxb3 Qxb3 28. Bxb3 Red8 29. Rd2 Ba6 30. Rfd1 b5 31. cxb5 Bxb5 32. Ra1 Rc3 33. Bd1 Ra8 34. Rb2 Be8 35. Bf3 Ra7 36. Rb8 Kf8 37. Ne2 Rc2 38. Nc6 Rc7 39. Nxa5 Ke7 40. h3 Nd5 41. Ng3 Bd7 42. Nf5+ exf5 43. Bxd5 Rd2 44. Re1+ Kf6 45. Rb6+ Kg5 46. Nb3 Rd3 47. Re7 Rdc3 48. Rxf7 Bc6 49. Rxc7 1-0

[Event "WchT (Women) 3rd"]
[Site "Mardin"]
[Date "2011.12.20"]
[Round "3"]
[White "Sachdev, Tania"]
[Black "Solomons, Anzel"]
[Result "1-0"]
[WhiteElo "2428"]
[BlackElo "1926"]
[PlyCount "86"]
[EventDate "2011.12.18"]
[EventType "team-tourn"]
[EventRounds "9"]
[EventCountry "TUR"]
[SourceTitle "CBM 145 Extra"]
[Source "ChessBase"]
[SourceDate "2012.01.03"]
[SourceVersion "1"]
[SourceVersionDate "2012.01.03"]
[SourceQuality "1"]
[WhiteTeam "India (W)"]
[BlackTeam "South Africa (W)"]
[WhiteTeamCountry "IND"]
[BlackTeamCountry "RSA"]

1. d4 d5 2. c4 c6 3. Nf3 Nf6 4. Nc3 dxc4 5. a4 e6 6. e3 c5 7. Bxc4 Nc6 8. 0-0 Be7 9. Qe2 cxd4 10. Rd1 0-0 11. exd4 Nb4 12. Bg5 Bd7 13. Ne5 Bc6 14. Nxc6 bxc6 15. a5 Qc7 16. a6 Rfd8 17. Na4 Nfd5 18. Bxe7 Qxe7 19. Nc5 Nb6 20. Bb3 Rab8 21. Qe4 N6d5 22. Bc4 Nf6 23. Qe2 Nbd5 24. Nb7 Rdc8 25. Ra3 Nd7 26. Rg3 Nf4 27. Qg4 Ng6 28. Re3 Nb6 29. Bd3 Nd5 30. Ree1 Nf6 31. Qg5 Qb4 32. Qc5 Qxb2 33. Qxa7 Ra8 34. Qc5 Rc7 35. h3 Nd7 36. Qd6 Rac8 37. Rb1 Qa2 38. Rec1 Qd5 39. Qxd5 cxd5 40. Rxc7 Rxc7 41. a7 Rc8 42. Nd6 Ra8 43. Rb7 Ngf8 1-0

[Event "WchT (Women) 3rd"]
[Site "Mardin"]
[Date "2011.12.19"]
[Round "2"]
[White "Solomons, Anzel"]
[Black "Zhao, Xue"]
[Result "0-1"]
[WhiteElo "1926"]
[BlackElo "2541"]
[PlyCount "64"]
[EventDate "2011.12.18"]
[EventType "team-tourn"]
[EventRounds "9"]
[EventCountry "TUR"]
[SourceTitle "CBM 145 Extra"]
[Source "ChessBase"]
[SourceDate "2012.01.03"]
[SourceVersion "1"]
[SourceVersionDate "2012.01.03"]
[SourceQuality "1"]
[WhiteTeam "South Africa (W)"]
[BlackTeam "China (W)"]
[WhiteTeamCountry "RSA"]
[BlackTeamCountry "CHN"]

1. d4 Nf6 2. c4 e6 3. Nf3 d5 4. Bg5 h6 5. Bh4 Bb4+ 6. Nc3 dxc4 7. Bxf6 gxf6 8. Qa4+ Nc6 9. a3 Bxc3+ 10. bxc3 Qd5 11. e3 b5 12. Qc2 Bb7 13. e4 Qd7 14. a4 a6 15. axb5 axb5 16. Rxa8+ Bxa8 17. Qb1 Ne7 18. Be2 0-0 19. Qc1 Kg7 20. Qf4 Ng6 21. Qg4 f5 22. exf5 exf5 23. Ne5 Qe6 24. Qg3 f4 25. Qg4 Qxg4 26. Bxg4 Nxe5 27. dxe5 Re8 28. 0-0 Rxe5 29. Ra1 Be4 30. Re1 Kf6 31. h3 c5 32. Bd7 b4 0-1

[Event "Pontevedra Carlos op 3rd"]
[Site "Pontevedra"]
[Date "2011.06.30"]
[Round "6.10"]
[White "Solomons, Anzel"]
[Black "Torres Dominguez, David"]
[Result "1/2-1/2"]
[WhiteElo "1914"]
[BlackElo "2138"]
[PlyCount "76"]
[EventDate "2011.06.25"]
[EventType "swiss"]
[EventRounds "9"]
[EventCountry "ESP"]
[SourceTitle "EXT 2024"]
[Source "ChessBase"]
[SourceDate "2023.10.10"]
[SourceVersion "1"]
[SourceVersionDate "2023.10.10"]
[SourceQuality "1"]

1. d4 d6 2. e4 Nf6 3. Nc3 c6 4. h3 b5 5. a3 a6 6. Nf3 e6 7. Be3 d5 8. e5 Nfd7 9. Ne2 c5 10. c3 Nc6 11. Rc1 c4 12. Ng3 a5 13. b4 Be7 14. Be2 axb4 15. axb4 0-0 16. 0-0 f6 17. exf6 Bxf6 18. Qd2 e5 19. dxe5 Ndxe5 20. Rfd1 Be6 21. Ng5 Bxg5 22. Bxg5 Qd7 23. Be3 Rad8 24. Bb6 Rb8 25. Bc5 Rfd8 26. f4 Ng6 27. f5 Bxf5 28. Nxf5 Qxf5 29. Bg4 Qf4 30. Be6+ Kh8 31. Be3 Qe4 32. Bg4 Nce5 33. Bg5 Rd6 34. Re1 Qd3 35. Be2 Qxd2 36. Bxd2 Re8 37. Bh5 Rde6 38. Rcd1 Kg8 1/2-1/2

[Event "Africa-ch (Women)"]
[Site "Maputo"]
[Date "2011.06.10"]
[Round "6"]
[White "Bouah, Denise"]
[Black "Solomons, Anzel"]
[Result "1/2-1/2"]
[WhiteElo "1920"]
[BlackElo "1914"]
[PlyCount "69"]
[EventDate "2011.06.03"]
[EventType "swiss"]
[EventRounds "9"]
[EventCountry "MOZ"]
[SourceTitle "CBM 142 Extra"]
[Source "ChessBase"]
[SourceDate "2011.06.27"]
[SourceVersion "1"]
[SourceVersionDate "2011.06.27"]
[SourceQuality "1"]

1. e4 e5 2. Nf3 Nc6 3. Bb5 Nf6 4. 0-0 Nxe4 5. d4 Nd6 6. Bxc6 dxc6 7. dxe5 Nf5 8. Qxd8+ Kxd8 9. h3 h6 10. b3 Bd7 11. Bb2 Kc8 12. Nc3 b6 13. Rad1 Ne7 14. Rfe1 c5 15. Nd5 Nxd5 16. Rxd5 Be6 17. Rdd1 Be7 18. c4 Kb7 19. Kf1 a5 20. a4 Rad8 21. Ke2 Rhg8 22. g4 c6 23. Bc3 Ka6 24. Ra1 Rd7 25. Red1 Rgd8 26. Rxd7 Rxd7 27. Nd2 Rd8 28. f4 h5 29. f5 Bc8 30. Ne4 Rh8 31. e6 hxg4 32. Bxg7 Rxh3 33. f6 Bxf6 34. Bxf6 Bxe6 35. Nd2 1/2-1/2